• 首页
  • 本馆介绍
  • 公告通知
  • 最新文献
  • 馆藏检索
  • 电子资源
  • 读者导购
  • 参考咨询
  • 我的图书馆
  • 登录
  • 详细信息显示
  • 放入我的书架
  • 预约/预借图书
  • 作者相关作品
  • 分类相关作品
  • 丛书相关作品
  • 出版社相关作品

书目信息

  • 表格格式
  • 工作单格式
  • 卡片格式
题名:
九型人格心理学
    
 
作者: 文心 著
分册:  
出版信息: 济南   山东文艺出版社  2016
页数: 268页
开本: 24cm
丛书名:
单 册:
中图分类: B848-49
科图分类:
主题词: 人格心理学--ren ge xin li xue--通俗读物
电子资源:
ISBN: 978-7-5329-5291-5
000 00883nam0 22002291 450
001 0102164908
005 20170502164908.0
010    @a978-7-5329-5291-5@dCNY39.80
100    @a20160923d2016 em y0chiy50 ea
101 0  @achi
102    @aCN@b370000
105    @ay z 000yy
106    @ar
200 1  @a九型人格心理学@9jiu xing ren ge xin li xue@f文心著
210    @a济南@c山东文艺出版社@d2016
215    @a268页@d24cm
330    @a本书针对九种性格类型,分别从性格特征、发展层级,以及人际交往、职场、恋爱攻略等方面进行了详细解析,旨在帮你解析自我个性,诊断问题人生;帮你揭开九型人格的奥秘,探秘人际交往的法则;帮你穿透喜怒哀乐的面孔,发掘隐秘善变的内心;帮你洞悉身体的潜能,修炼自己的性格。
606 0  @a人格心理学@9ren ge xin li xue@j通俗读物
690    @aB848-49@v5
701  0 @a文心@9wen xin@4著
801  0 @aCN@b百万庄@c20170308
905    @b1002514-9@dB848-49@e1636@f6
    
    九型人格心理学/文心著.-济南:山东文艺出版社,2016
    268页;24cm
    
    
    ISBN 978-7-5329-5291-5:CNY39.80
    本书针对九种性格类型,分别从性格特征、发展层级,以及人际交往、职场、恋爱攻略等方面进行了详细解析,旨在帮你解析自我个性,诊断问题人生;帮你揭开九型人格的奥秘,探秘人际交往的法则;帮你穿透喜怒哀乐的面孔,发掘隐秘善变的内心;帮你洞悉身体的潜能,修炼自己的性格。
●
相关链接 在E读中查询图书 在五车中查询图书 在当当中查询图书 在豆瓣中查询图书


正题名:九型人格心理学     索取号:B848-49/1636         预约/预借

序号 登录号 条形码 馆藏地/架位号 状态 备注
1 1002514   210025140   第一样本阅览室/ [索取号:B848-49/1636] 在馆    
2 1002515   210025159   教育系资料室/ [索取号:B848-49/1636] 在馆    
3 1002516   210025168   教育系资料室/ [索取号:B848-49/1636] 在馆    
4 1002517   210025177   教育系资料室/ [索取号:B848-49/1636] 在馆    
5 1002518   210025186   第一借阅区/ [索取号:B848-49/1636] 在馆    
6 1002519   210025195   第一借阅区/ [索取号:B848-49/1636] 在馆    
唐山师范学院图书馆 欢迎您!
大连网信软件有限公司© 版权所有